00794nam a22001935i 4500001000700000003000900007005001700016008004100033040001800074100003300092245005700125250006700182260008500249300002200334596006700356852003600423999001900459952012200478167790ES-MaACL20250717063051.0980311q18551898fr |||| | fre d aAS bspa cAS0 aVoltaire,d1694-1778911572110aRomans de Voltaire b: Suivis de ses contes en vers. aNouvelle edition b: Revue avec soin sur les meilleurs textes. aParis : bGarnier Frères, Librairies, c[s.a.] (fImp. P.-A. Bourdier et Cie.) a572 p. ; c18 cm. 1aGarnier Fréres ejercieron la profesión entre 1855 y 1898. aES-MaACLjD-3175 z-- Enc. hol. c167790d167790 00104070aATENEOMbATENEOMcSVId2008-01-17eSSCl0oD-3175p901176030r2023-02-23 00:00:00w2023-02-23yMONOGRAFIA